000 00517nam a22001937a 4500
003 MPLRDC
005 20220104194110.0
008 210129b ||||| |||| 00| 0 eng d
020 _aISSN0128-911X
082 _a050.9 FC v.681
100 _a饶美玲 代执行主编
245 _a风采 V.681 01/2019
_c
250 _a初版
260 _a马来西亚
_bNANYANG PRESS HOLDINGS BERHAD
_c2019
300 _b144
520 _a上架 2019-02-11
650 _a期刊--风采 FEMININE
942 _cMGZ
_o050.9 FC v.681
999 _c65512
_d65502